000 01679nam a2200289 a 4500
001 BRL_302
005 20190320210658.0
008 230713s1962----mx-ao#####---#000-0#spa-#
041 _amx
044 _aspa
050 4 _aF1226
_b.M49 1962
245 1 0 _aMéxico a través de los siglos
_bhistoria general y completa del desenvolvimiento social, político, religioso, militar, artístico, científico y literario de México desde la antigüedad más remota hasta la epoca actual : obra única en su género
_cimparcial y concienzudamente escrita en vista de cuanto existe de notable y en presencia de preciosos datos y documentos hasta hace poco desconocidos, por los reputados literatos Arias ... D. Juan de Dios, Chavero ... [D.] Alfredo, Riva Palacio, D. Vicente, Vigil.. ... [D.] José María, Zárate, D. Julio ; bajo la dirección del general D. Vicente Riva Palacio.
250 _a4a ed.
260 _aMéxico
_bEditorial Cumbre
_c1962
300 _av.5
_bil., mapas
_c36 cm.
500 _av.1 Au545, v.2 Au546, v.3 Au547, v.5 Au548
505 0 _aContenido : v. 1. Historia antigua y de la conquista-- v. 2. El virreinato. Historia de la dominacion española en Mexico desde 1521 a 1808-- v. 3. La guerra de independencia-- v. 4. Mexico independiente, 1821-1855-- v. 5. La reforma
651 4 _aMéxico
_xHistoria
_9614
651 4 _aMéxico
_vBibliografía
_xHistoria
_95417
700 1 _aRiva Palacio, Vicente
_d1832-1896
_91019
700 1 _aArias, Juan de Dios
_d1828-1886
_95829
700 1 _aChavero, Alfredo
_d1841-1906
_923493
700 1 _aVigil, José María
_d1829-1909
_923494
700 1 _aZárate, Julio
_d1844-1917
_916610
902 _aGRL
942 _2lcc
_cB
999 _c9115
_d9115